| 000 | 00917nam a2200265Ia 4500 | ||
|---|---|---|---|
| 001 | 21787 | ||
| 005 | 20260320113312.0 | ||
| 008 | 260320s9999||||xx |||||||||||||| ||und|| | ||
| 020 | _a9786123262204 | ||
| 041 | _aESP | ||
| 082 |
_a303.6250985 _bB163 |
||
| 100 |
_aBoesten, Jelke, _eAUT |
||
| 245 | 0 |
_aPerros y promos : _bmemoria, violencia y afecto en el Perú posconflicto |
|
| 246 |
_a _5 _b |
||
| 250 | _aPrimera edición | ||
| 260 |
_aLima : _bIEP Instituto de Estudios Peruanos, _c2023 |
||
| 300 |
_a256 páginas : _bilustraciones ; _c21 cm. _e |
||
| 440 |
_a(Estudios sobre memoria y violencia _n; número 12) _v |
||
| 650 | _aCIS | ||
| 653 | _aSendero Luminoso - Perú; Fuerzas armadas - Perú; Violencia política - Perú | ||
| 654 | _aCHU | ||
| 700 |
_aGavilán, Lurgio, _cAUT |
||
| 856 |
_uhttps://www-jstor-org.ucsp.lookproxy.com/ _zVéase además: Base de datos JSTOR |
||
| 942 |
_cLIB _dJUS _fMAT _2ddc _n |
||
| 999 |
_c21787 _d21787 |
||